[Event "EYCC Open-U16 2019"]
[Site "Bratislava"]
[Date "2019.08.09"]
[Round "8.31"]
[White "Sismeiro, Miguel"]
[Black "Jazdanovs, Aleksandrs"]
[Result "1/2-1/2"]
[WhiteElo "2103"]
[BlackElo "2238"]
[Annotator "NA"]
[PlyCount "98"]
[EventDate "2019.08.02"]
[EventType "swiss"]
[EventCountry "SVK"]
[SourceTitle "playchess.com"]
[Source "ChessBase"]
[SourceQuality "1"]
[TimeControl "40/5400+30:1800+30"]

1. e4 {[%emt 0:00:00]} c5 {[%emt 0:00:00]} 2. Nf3 {[%emt 0:00:00]} d6 {[%emt 0:00:00]} 3. Bb5+ {[%emt 0:00:00]} Bd7 {[%emt 0:00:00]} 4. Bxd7+ {[%emt 0:00:00]} Qxd7 {[%emt 0:00:01]} 5. O-O {[%emt 0:00:00]} Nc6 {[%emt 0:00:23]} 6. c3 {[%emt 0:00:20]} d5 {[%emt 0:00:59]} 7. exd5 {[%emt 0:09:02]} Qxd5 {[%emt 0:00:07]} 8. d4 {[%emt 0:00:07]} e6 {[%emt 0:03:49]} 9. Be3 {[%emt 0:18:04]} cxd4 {[%emt 0:04:02]} 10. cxd4 {[%emt 0:02:22]} Nf6 {[%emt 0:01:24]} 11. Nc3 {[%emt 0:02:00]} Qa5 {[%emt 0:00:24]} 12. Qb3 {[%emt 0:17:24]} Qb4 {[%emt 0:02:08]} 13. d5 {[%emt 0:03:05]} Qxb3 {[%emt 0:04:00]} 14. axb3 {[%emt 0:00:35]} Nxd5 {[%emt 0:00:26]} 15. Nxd5 {[%emt 0:00:32]} exd5 {[%emt 0:00:05]} 16. Rfd1 {[%emt 0:00:22]} Bb4 {[%emt 0:12:31]} 17. Rxd5 {[%emt 0:00:49]} O-O {[%emt 0:00:02]} 18. Nd4 {[%emt 0:06:42]} Nxd4 {[%emt 0:02:38]} 19. Bxd4 {[%emt 0:00:08]} a6 {[%emt 0:00:38]} 20. Bb6 {[%emt 0:12:33]} Rfe8 {[%emt 0:02:52]} 21. Rd7 {[%emt 0:00:43]} Re7 {[%emt 0:00:18]} 22. Rxe7 {[%emt 0:00:31]} Bxe7 {[%emt 0:00:07]} 23. Rd1 {[%emt 0:00:15]} Rc8 {[%emt 0:01:16]} 24. g3 {[%emt 0:00:10]} Rc6 {[%emt 0:01:02]} 25. Ba5 {[%emt 0:09:27]} Bf6 {[%emt 0:06:24]} 26. Rd7 {[%emt 0:00:38]} b5 {[%emt 0:00:16]} 27. Bc3 {[%emt 0:01:13]} Kf8 {[%emt 0:00:08]} 28. Bxf6 {[%emt 0:00:10]} Rxf6 {[%emt 0:00:07]} 29. Kg2 {[%emt 0:01:06]} Ke8 {[%emt 0:00:07]} 30. Ra7 {[%emt 0:00:06]} g5 {[%emt 0:02:45]} 31. h3 {[%emt 0:01:36]} Rd6 {[%emt 0:01:30]} 32. b4 {[%emt 0:01:30]} Kf8 {[%emt 0:01:12]} 33. Kf3 {[%emt 0:00:48]} Rd4 {[%emt 0:01:09]} 34. Rxa6 {[%emt 0:00:06]} Rxb4 {[%emt 0:00:05]} 35. Rb6 {[%emt 0:03:38]} Kg7 {[%emt 0:01:26]} 36. h4 {[%emt 0:01:37]} gxh4 {[%emt 0:03:55]} 37. gxh4 {[%emt 0:00:05]} Rxb2 {[%emt 0:00:18]} 38. Kg3 {[%emt 0:01:59]} h5 {[%emt 0:00:30]} 39. f3 {[%emt 0:00:26]} f6 {[%emt 0:00:10]} 40. Kf4 {[%emt 0:00:00]} Kg6 {[%emt 0:00:00]} 41. Rb7 {[%emt 0:01:21]} b4 {[%emt 0:01:03]} 42. Rb8 {[%emt 0:02:48]} Rb1 {[%emt 0:01:09]} 43. Rg8+ {[%emt 0:00:18]} Kf7 {[%emt 0:05:39]} 44. Rb8 {[%emt 0:01:45]} Ke6 {[%emt 0:05:01]} 45. Rb6+ {[%emt 0:00:40]} Ke7 {[%emt 0:00:45]} 46. Kf5 {[%emt 0:02:06]} Rf1 {[%emt 0:01:20]} 47. f4 {[%emt 0:01:52]} Rh1 {[%emt 0:00:10]} 48. Rb7+ {[%emt 0:00:35]} Kd6 {[%emt 0:01:00]} 49. Rxb4 {[%emt 0:00:24]} Rxh4 {[%emt 0:00:09]} 1/2-1/2

[Event "EYCC Open-U16 2019"]
[Site "Bratislava"]
[Date "2019.08.09"]
[Round "8.32"]
[White "Briem, Stephan"]
[Black "Nagy, Ladislav"]
[Result "1/2-1/2"]
[WhiteElo "2223"]
[BlackElo "2061"]
[Annotator "NA"]
[PlyCount "104"]
[EventDate "2019.08.02"]
[EventType "swiss"]
[EventCountry "SVK"]
[SourceTitle "playchess.com"]
[Source "ChessBase"]
[SourceQuality "1"]
[TimeControl "40/5400+30:1800+30"]

1. d4 {[%emt 0:00:00]} Nf6 {[%emt 0:00:00]} 2. c4 {[%emt 0:00:00]} e6 {[%emt 0:00:08]} 3. Nc3 {[%emt 0:00:00]} Bb4 {[%emt 0:00:42]} 4. e3 {[%emt 0:00:12]} c5 {[%emt 0:01:11]} 5. Nge2 {[%emt 0:03:07]} cxd4 {[%emt 0:01:36]} 6. exd4 {[%emt 0:00:07]} d5 {[%emt 0:01:03]} 7. a3 {[%emt 0:01:37]} Be7 {[%emt 0:00:41]} 8. Nf4 {[%emt 0:03:52]} dxc4 {[%emt 0:17:23]} 9. Bxc4 {[%emt 0:01:13]} O-O {[%emt 0:01:48]} 10. O-O {[%emt 0:01:51]} Nc6 {[%emt 0:03:39]} 11. Be3 {[%emt 0:04:50]} e5 {[%emt 0:05:46]} 12. dxe5 {[%emt 0:08:36]} Nxe5 {[%emt 0:02:12]} 13. Be2 {[%emt 0:09:48]} Bg4 {[%emt 0:08:04]} 14. Qb3 {[%emt 0:06:47]} Bxe2 {[%emt 0:02:43]} 15. Nfxe2 {[%emt 0:05:28]} b6 {[%emt 0:05:07]} 16. Rfd1 {[%emt 0:05:52]} Qc8 {[%emt 0:02:20]} 17. Nd5 {[%emt 0:02:56]} Nxd5 {[%emt 0:03:27]} 18. Qxd5 {[%emt 0:00:53]} Ng4 {[%emt 0:05:10]} 19. Bd4 {[%emt 0:12:44]} Rd8 {[%emt 0:09:54]} 20. Qf3 {[%emt 0:02:12]} Nf6 {[%emt 0:06:36]} 21. Ng3 {[%emt 0:03:23]} Qg4 {[%emt 0:02:13]} 22. Qxg4 {[%emt 0:04:03]} Nxg4 {[%emt 0:00:07]} 23. Nf5 {[%emt 0:06:17]} Bf6 {[%emt 0:01:59]} 24. Bxf6 {[%emt 0:04:56]} Nxf6 {[%emt 0:00:21]} 25. Ne7+ {[%emt 0:02:25]} Kf8 {[%emt 0:00:56]} 26. Nc6 {[%emt 0:00:08]} Rxd1+ {[%emt 0:04:03]} 27. Rxd1 {[%emt 0:00:05]} a5 {[%emt 0:00:51]} 28. f3 {[%emt 0:01:38]} Rc8 {[%emt 0:01:16]} 29. Nd4 {[%emt 0:00:41]} g6 {[%emt 0:02:03]} 30. Kf2 {[%emt 0:00:29]} Ke7 {[%emt 0:01:18]} 31. Rd2 {[%emt 0:01:28]} Rc1 {[%emt 0:02:01]} 32. g3 {[%emt 0:03:19]} Nd7 {[%emt 0:01:39]} 33. Ne2 {[%emt 0:01:06]} Rh1 {[%emt 0:02:50]} 34. Kg2 {[%emt 0:02:37]} Re1 {[%emt 0:01:37]} 35. Nc3 {[%emt 0:00:38]} Rc1 {[%emt 0:02:38]} 36. Kf2 {[%emt 0:01:24]} Ke6 {[%emt 0:00:57]} 37. Ne2 {[%emt 0:00:53]} Rc8 {[%emt 0:00:56]} 38. Nf4+ {[%emt 0:00:36]} Ke7 {[%emt 0:00:42]} 39. Re2+ {[%emt 0:00:14]} Kd6 {[%emt 0:00:37]} 40. Rd2+ {[%emt 0:00:00]} Kc6 {[%emt 0:00:00]} 41. Rc2+ {[%emt 0:03:55]} Kb7 {[%emt 0:01:57]} 42. Rxc8 {[%emt 0:01:38]} Kxc8 {[%emt 0:00:09]} 43. Ke3 {[%emt 0:02:58]} Kc7 {[%emt 0:01:12]} 44. Kd4 {[%emt 0:01:32]} Kd6 {[%emt 0:01:45]} 45. Nd3 {[%emt 0:00:46]} f6 {[%emt 0:01:58]} 46. f4 {[%emt 0:05:58]} Kc6 {[%emt 0:04:55]} 47. Nf2 {[%emt 0:01:13]} Nc5 {[%emt 0:01:15]} 48. Ng4 {[%emt 0:08:40]} Nd7 {[%emt 0:05:23]} 49. Ne3 {[%emt 0:02:17]} Nc5 {[%emt 0:01:12]} 50. f5 {[%emt 0:02:01]} gxf5 {[%emt 0:01:04]} 51. Nxf5 {[%emt 0:01:16]} Ne6+ {[%emt 0:00:53]} 52. Ke4 {[%emt 0:03:48]} Nc5+ {[%emt 0:00:57]} 1/2-1/2

[Event "EYCC Open-U16 2019"]
[Site "Bratislava"]
[Date "2019.08.09"]
[Round "8.33"]
[White "Neiman, Maks"]
[Black "Bettalli, Francesco"]
[Result "1-0"]
[WhiteElo "1971"]
[BlackElo "2095"]
[Annotator "NA"]
[PlyCount "87"]
[EventDate "2019.08.02"]
[EventType "swiss"]
[EventCountry "SVK"]
[SourceTitle "playchess.com"]
[Source "ChessBase"]
[SourceQuality "1"]
[TimeControl "40/5400+30:1800+30"]

1. d4 {[%emt 0:00:00]} d5 {[%emt 0:00:00]} 2. Bf4 {[%emt 0:00:11]} Nf6 {[%emt 0:00:00]} 3. e3 {[%emt 0:00:34]} c5 {[%emt 0:00:01]} 4. c3 {[%emt 0:01:12]} e6 {[%emt 0:00:04]} 5. Nf3 {[%emt 0:00:14]} Nc6 {[%emt 0:00:03]} 6. Nbd2 {[%emt 0:01:06]} Bd6 {[%emt 0:00:05]} 7. Bg3 {[%emt 0:00:29]} Qe7 {[%emt 0:00:04]} 8. Bd3 {[%emt 0:06:15]} O-O {[%emt 0:00:14]} 9. Ne5 {[%emt 0:01:23]} Nd7 {[%emt 0:00:05]} 10. Nxd7 {[%emt 0:00:39]} Bxd7 {[%emt 0:00:25]} 11. Bxd6 {[%emt 0:00:20]} Qxd6 {[%emt 0:00:06]} 12. dxc5 {[%emt 0:00:17]} Qxc5 {[%emt 0:00:11]} 13. Bxh7+ {[%emt 0:00:28]} Kxh7 {[%emt 0:02:47]} 14. Qh5+ {[%emt 0:00:15]} Kg8 {[%emt 0:00:00]} 15. Ne4 {[%emt 0:00:13]} Qc4 {[%emt 0:04:39]} 16. Ng5 {[%emt 0:00:59]} Qd3 {[%emt 0:00:05]} 17. e4 {[%emt 0:04:37]} Rfd8 {[%emt 0:00:17]} 18. Qxf7+ {[%emt 0:02:27]} Kh8 {[%emt 0:00:01]} 19. Rd1 {[%emt 0:16:45]} Qc4 {[%emt 0:01:55]} 20. f4 {[%emt 0:11:16]} Nb4 {[%emt 0:17:55]} 21. Qh5+ {[%emt 0:14:24]} Kg8 {[%emt 0:00:01]} 22. Qh7+ {[%emt 0:01:52]} Kf8 {[%emt 0:00:00]} 23. e5 {[%emt 0:01:27]} Re8 {[%emt 0:04:33]} 24. cxb4 {[%emt 0:15:05]} Qxb4+ {[%emt 0:03:43]} 25. Rd2 {[%emt 0:01:08]} Ke7 {[%emt 0:04:28]} 26. Qxg7+ {[%emt 0:03:07]} Kd8 {[%emt 0:00:01]} 27. Rf1 {[%emt 0:08:19]} Kc7 {[%emt 0:18:30]} 28. Rf3 {[%emt 0:01:33]} d4 {[%emt 0:00:06]} 29. a3 {[%emt 0:04:24]} Qa4 {[%emt 0:03:48]} 30. Rfd3 {[%emt 0:00:45]} Rg8 {[%emt 0:02:06]} 31. Qe7 {[%emt 0:01:38]} Qc6 {[%emt 0:00:12]} 32. Rxd4 {[%emt 0:00:42]} Rad8 {[%emt 0:00:35]} 33. Nf7 {[%emt 0:01:33]} Qc1+ {[%emt 0:01:24]} 34. Kf2 {[%emt 0:00:26]} Kb8 {[%emt 0:01:44]} 35. Nxd8 {[%emt 0:00:52]} Qh1 {[%emt 0:00:11]} 36. Qd6+ {[%emt 0:00:29]} Ka8 {[%emt 0:00:05]} 37. Kf3 {[%emt 0:00:34]} Be8 {[%emt 0:02:08]} 38. Nf7 {[%emt 0:00:30]} Bc6+ {[%emt 0:00:23]} 39. Ke3 {[%emt 0:00:26]} Qe1+ {[%emt 0:01:07]} 40. Kd3 {[%emt 0:00:00]} Bb5+ {[%emt 0:00:00]} 41. Kc2 {[%emt 0:10:14]} Rc8+ {[%emt 0:01:05]} 42. Kb3 {[%emt 0:02:51]} Qc1 {[%emt 0:01:01]} 43. Qxe6 {[%emt 0:02:49]} a5 {[%emt 0:00:32]} 44. Qxc8+ {[%emt 0:00:18]} 1-0

[Event "EYCC Open-U16 2019"]
[Site "Bratislava"]
[Date "2019.08.09"]
[Round "8.34"]
[White "Jirousek, Jan"]
[Black "Niedbala, Bartlomiej"]
[Result "0-1"]
[WhiteElo "1924"]
[BlackElo "2152"]
[Annotator "NA"]
[PlyCount "150"]
[EventDate "2019.08.02"]
[EventType "swiss"]
[EventCountry "SVK"]
[SourceTitle "playchess.com"]
[Source "ChessBase"]
[SourceQuality "1"]
[TimeControl "40/5400+30:1800+30"]

1. Nf3 {[%emt 0:00:00]} Nf6 {[%emt 0:00:13]} 2. d4 {[%emt 0:00:00]} e6 {[%emt 0:00:06]} 3. c4 {[%emt 0:00:13]} b6 {[%emt 0:00:20]} 4. Nc3 {[%emt 0:00:18]} Bb7 {[%emt 0:00:21]} 5. e3 {[%emt 0:00:37]} Bb4 {[%emt 0:02:46]} 6. Qc2 {[%emt 0:00:22]} Ne4 {[%emt 0:02:31]} 7. Bd2 {[%emt 0:04:10]} Bxc3 {[%emt 0:10:23]} 8. Bxc3 {[%emt 0:00:16]} O-O {[%emt 0:02:28]} 9. Bd3 {[%emt 0:00:39]} f5 {[%emt 0:00:58]} 10. O-O-O {[%emt 0:11:15]} Nxc3 {[%emt 0:08:00]} 11. Qxc3 {[%emt 0:00:49]} Bxf3 {[%emt 0:00:14]} 12. gxf3 {[%emt 0:00:17]} d6 {[%emt 0:02:46]} 13. Rdg1 {[%emt 0:04:13]} Qf6 {[%emt 0:04:36]} 14. Qc2 {[%emt 0:05:12]} c5 {[%emt 0:05:17]} 15. d5 {[%emt 0:06:36]} exd5 {[%emt 0:03:51]} 16. cxd5 {[%emt 0:00:21]} Nd7 {[%emt 0:00:03]} 17. Bb5 {[%emt 0:10:58]} Rad8 {[%emt 0:01:54]} 18. Bxd7 {[%emt 0:02:36]} Rxd7 {[%emt 0:00:02]} 19. Rg2 {[%emt 0:06:57]} b5 {[%emt 0:01:51]} 20. Rhg1 {[%emt 0:04:29]} c4 {[%emt 0:11:01]} 21. Qc3 {[%emt 0:03:20]} Qxc3+ {[%emt 0:01:52]} 22. bxc3 {[%emt 0:00:05]} Re8 {[%emt 0:02:56]} 23. Kc2 {[%emt 0:03:26]} Rc7 {[%emt 0:01:16]} 24. Rd1 {[%emt 0:01:20]} Kf7 {[%emt 0:00:16]} 25. f4 {[%emt 0:01:17]} Rb8 {[%emt 0:02:26]} 26. a3 {[%emt 0:04:04]} Kf6 {[%emt 0:05:08]} 27. Rgg1 {[%emt 0:01:34]} Re8 {[%emt 0:02:43]} 28. h4 {[%emt 0:05:10]} Rc5 {[%emt 0:01:25]} 29. Rd4 {[%emt 0:01:55]} Re4 {[%emt 0:01:22]} 30. Rd2 {[%emt 0:04:17]} Re7 {[%emt 0:01:27]} 31. h5 {[%emt 0:02:43]} g6 {[%emt 0:03:34]} 32. h6 {[%emt 0:04:18]} Kf7 {[%emt 0:00:41]} 33. Rb1 {[%emt 0:01:24]} Kf6 {[%emt 0:05:03]} 34. Rg1 {[%emt 0:00:44]} Re8 {[%emt 0:01:10]} 35. Rd4 {[%emt 0:00:33]} Rg8 {[%emt 0:00:10]} 36. Rg5 {[%emt 0:01:02]} Re8 {[%emt 0:02:39]} 37. Rg1 {[%emt 0:00:20]} Re4 {[%emt 0:00:03]} 38. Rxe4 {[%emt 0:04:43]} fxe4 {[%emt 0:00:21]} 39. Rg5 {[%emt 0:00:07]} Rc8 {[%emt 0:00:28]} 40. Rg1 {[%emt 0:00:00]} a6 {[%emt 0:00:00]} 41. Kd2 {[%emt 0:09:51]} Rg8 {[%emt 0:08:41]} 42. Rg5 {[%emt 0:00:19]} Rb8 {[%emt 0:09:10]} 43. Rg1 {[%emt 0:05:36]} Rf8 {[%emt 0:01:20]} 44. Ke2 {[%emt 0:03:58]} Ke7 {[%emt 0:00:41]} 45. Rd1 {[%emt 0:12:18]} Rf5 {[%emt 0:03:49]} 46. Rd4 {[%emt 0:00:07]} Kd7 {[%emt 0:06:27]} 47. Rxe4 {[%emt 0:01:40]} Rxd5 {[%emt 0:00:17]} 48. Rd4 {[%emt 0:00:31]} Rh5 {[%emt 0:00:53]} 49. a4 {[%emt 0:02:06]} Kc6 {[%emt 0:04:41]} 50. axb5+ {[%emt 0:00:52]} axb5 {[%emt 0:00:25]} 51. Rd1 {[%emt 0:00:55]} Rxh6 {[%emt 0:00:44]} 52. e4 {[%emt 0:00:31]} Rh5 {[%emt 0:02:19]} 53. Ke3 {[%emt 0:00:41]} Kc5 {[%emt 0:01:06]} 54. f3 {[%emt 0:00:41]} Kc6 {[%emt 0:04:21]} 55. Kd4 {[%emt 0:00:53]} Rh3 {[%emt 0:01:26]} 56. Ke3 {[%emt 0:00:15]} Rh5 {[%emt 0:02:19]} 57. Kd4 {[%emt 0:00:06]} Rh2 {[%emt 0:02:23]} 58. e5 {[%emt 0:00:54]} Re2 {[%emt 0:00:29]} 59. Rh1 {[%emt 0:01:22]} Rd2+ {[%emt 0:00:37]} 60. Ke3 {[%emt 0:00:50]} Rd3+ {[%emt 0:00:11]} 61. Ke2 {[%emt 0:00:16]} dxe5 {[%emt 0:02:00]} 62. fxe5 {[%emt 0:00:12]} Kd5 {[%emt 0:00:26]} 63. f4 {[%emt 0:01:37]} Rxc3 {[%emt 0:00:22]} 64. Rxh7 {[%emt 0:00:12]} Rc2+ {[%emt 0:01:08]} 65. Kd1 {[%emt 0:01:13]} Rf2 {[%emt 0:00:25]} 66. Rd7+ {[%emt 0:00:10]} Kc6 {[%emt 0:00:27]} 67. Rd6+ {[%emt 0:00:41]} Kc5 {[%emt 0:00:30]} 68. Rf6 {[%emt 0:00:43]} b4 {[%emt 0:00:00]} 69. e6 {[%emt 0:00:39]} Kd6 {[%emt 0:00:05]} 70. Rxg6 {[%emt 0:00:27]} Rxf4 {[%emt 0:00:12]} 71. Kc2 {[%emt 0:00:27]} Rf2+ {[%emt 0:00:02]} 72. Kc1 {[%emt 0:00:24]} b3 {[%emt 0:00:15]} 73. e7+ {[%emt 0:00:36]} Kxe7 {[%emt 0:00:02]} 74. Rc6 {[%emt 0:00:14]} Rc2+ {[%emt 0:00:02]} 75. Kb1 {[%emt 0:00:07]} Kd7 {[%emt 0:00:03]} 0-1

[Event "EYCC Open-U16 2019"]
[Site "Bratislava"]
[Date "2019.08.09"]
[Round "8.35"]
[White "Antal, Jakub"]
[Black "Melaa, Sondre"]
[Result "0-1"]
[WhiteElo "1963"]
[BlackElo "2118"]
[Annotator "NA"]
[PlyCount "50"]
[EventDate "2019.08.02"]
[EventType "swiss"]
[EventCountry "SVK"]
[SourceTitle "playchess.com"]
[Source "ChessBase"]
[SourceQuality "1"]
[TimeControl "40/5400+30:1800+30"]

1. e4 {[%emt 0:00:00]} e5 {[%emt 0:00:00]} 2. Nf3 {[%emt 0:00:03]} Nc6 {[%emt 0:00:00]} 3. Bc4 {[%emt 0:01:05]} Nf6 {[%emt 0:00:00]} 4. d3 {[%emt 0:00:13]} Be7 {[%emt 0:00:07]} 5. O-O {[%emt 0:00:47]} O-O {[%emt 0:00:12]} 6. Re1 {[%emt 0:01:16]} d6 {[%emt 0:00:09]} 7. c3 {[%emt 0:00:15]} Na5 {[%emt 0:00:23]} 8. Bb5 {[%emt 0:06:07]} a6 {[%emt 0:00:34]} 9. Ba4 {[%emt 0:00:06]} c5 {[%emt 0:00:05]} 10. c4 {[%emt 0:12:44]} Nc6 {[%emt 0:07:50]} 11. h3 {[%emt 0:08:00]} Ne8 {[%emt 0:06:17]} 12. Nc3 {[%emt 0:22:18]} Rb8 {[%emt 0:08:53]} 13. Nh2 {[%emt 0:08:20]} Nc7 {[%emt 0:04:59]} 14. Bc2 {[%emt 0:12:17]} b5 {[%emt 0:02:54]} 15. b3 {[%emt 0:02:58]} f5 {[%emt 0:07:03]} 16. exf5 {[%emt 0:10:40]} Bxf5 {[%emt 0:00:24]} 17. Be3 {[%emt 0:01:49]} Ne6 {[%emt 0:04:05]} 18. Qd2 {[%emt 0:00:25]} Ncd4 {[%emt 0:04:01]} 19. Bd1 {[%emt 0:01:59]} Qe8 {[%emt 0:03:23]} 20. Bg4 {[%emt 0:02:47]} Qg6 {[%emt 0:07:15]} 21. Nd5 {[%emt 0:01:36]} Bh4 {[%emt 0:01:55]} 22. Kh1 {[%emt 0:03:55]} Bxd3 {[%emt 0:04:10]} 23. Bxe6+ {[%emt 0:00:14]} Nxe6 {[%emt 0:00:31]} 24. Nf3 {[%emt 0:00:39]} Bd8 {[%emt 0:01:25]} 25. Bxc5 {[%emt 0:01:08]} Nxc5 {[%emt 0:02:06]} 0-1

[Event "EYCC Open-U16 2019"]
[Site "Bratislava"]
[Date "2019.08.09"]
[Round "8.36"]
[White "Ghachava, Akaki"]
[Black "Iliaguev, Daniel"]
[Result "1/2-1/2"]
[WhiteElo "1777"]
[BlackElo "2053"]
[Annotator "NA"]
[PlyCount "84"]
[EventDate "2019.08.02"]
[EventType "swiss"]
[EventCountry "SVK"]
[SourceTitle "playchess.com"]
[Source "ChessBase"]
[SourceQuality "1"]
[TimeControl "40/5400+30:1800+30"]

1. e4 e5 {[%emt 0:00:43]} 2. Nf3 {[%emt 0:01:09]} Nc6 {[%emt 0:00:04]} 3. Bb5 {[%emt 0:00:07]} g6 {[%emt 0:00:20]} 4. c3 {[%emt 0:00:04]} a6 {[%emt 0:00:03]} 5. Ba4 {[%emt 0:01:33]} Nge7 {[%emt 0:00:02]} 6. O-O {[%emt 0:00:07]} Bg7 {[%emt 0:09:19]} 7. d4 {[%emt 0:00:06]} exd4 {[%emt 0:01:05]} 8. cxd4 {[%emt 0:00:05]} d5 {[%emt 0:02:54]} 9. exd5 {[%emt 0:03:17]} Nxd5 {[%emt 0:00:57]} 10. Re1+ {[%emt 0:05:14]} Be6 {[%emt 0:01:17]} 11. Ne5 {[%emt 0:06:22]} O-O {[%emt 0:12:27]} 12. Bxc6 {[%emt 0:10:10]} bxc6 {[%emt 0:00:37]} 13. Nxc6 {[%emt 0:00:05]} Qd6 {[%emt 0:02:20]} 14. Ne5 {[%emt 0:02:48]} Rfd8 {[%emt 0:01:07]} 15. Qe2 {[%emt 0:11:46]} Nb4 {[%emt 0:22:19]} 16. a3 {[%emt 0:03:29]} Bxe5 {[%emt 0:04:17]} 17. dxe5 {[%emt 0:02:38]} Qd3 {[%emt 0:00:02]} 18. Qxd3 {[%emt 0:01:17]} Nxd3 {[%emt 0:00:02]} 19. Rf1 {[%emt 0:00:08]} Nxe5 {[%emt 0:03:37]} 20. Bf4 {[%emt 0:06:11]} Nd3 {[%emt 0:00:21]} 21. Bxc7 {[%emt 0:00:07]} Rd7 {[%emt 0:04:19]} 22. Bg3 {[%emt 0:00:32]} Nxb2 {[%emt 0:00:09]} 23. Nc3 {[%emt 0:00:29]} Bf5 {[%emt 0:00:31]} 24. h3 {[%emt 0:03:24]} f6 {[%emt 0:08:35]} 25. Rfe1 {[%emt 0:01:10]} Nd3 {[%emt 0:06:12]} 26. Re3 {[%emt 0:01:47]} Nc5 {[%emt 0:01:45]} 27. Rc1 {[%emt 0:04:41]} Rad8 {[%emt 0:01:08]} 28. Kh2 {[%emt 0:06:09]} Rd3 {[%emt 0:04:46]} 29. Rce1 {[%emt 0:02:31]} Rxe3 {[%emt 0:00:56]} 30. Rxe3 {[%emt 0:00:04]} Kf7 {[%emt 0:00:23]} 31. Bc7 {[%emt 0:02:30]} Rc8 {[%emt 0:06:37]} 32. Bd6 {[%emt 0:01:51]} Be6 {[%emt 0:00:18]} 33. Ne4 {[%emt 0:01:13]} Nxe4 {[%emt 0:01:00]} 34. Rxe4 {[%emt 0:00:08]} Rc2 {[%emt 0:00:44]} 35. Kg3 {[%emt 0:00:08]} g5 {[%emt 0:00:55]} 36. Rb4 {[%emt 0:01:24]} Rc6 {[%emt 0:03:32]} 37. Rb7+ {[%emt 0:00:46]} Kg6 {[%emt 0:00:02]} 38. Bf8 {[%emt 0:00:37]} Bf7 {[%emt 0:00:24]} 39. h4 {[%emt 0:00:31]} h5 {[%emt 0:00:56]} 40. hxg5 {[%emt 0:00:00]} fxg5 {[%emt 0:00:00]} 41. Rd7 {[%emt 0:01:06]} Be6 {[%emt 0:14:58]} 42. Rd6 {[%emt 0:00:18]} Rxd6 {[%emt 0:00:08]} 1/2-1/2

[Event "EYCC Open-U16 2019"]
[Site "Bratislava"]
[Date "2019.08.09"]
[Round "8.37"]
[White "Ghazaryan, Raffi"]
[Black "Stankovic, Milos M"]
[Result "1-0"]
[WhiteElo "1826"]
[BlackElo "2270"]
[Annotator "NA"]
[PlyCount "131"]
[EventDate "2019.08.02"]
[EventType "swiss"]
[EventCountry "SVK"]
[SourceTitle "playchess.com"]
[Source "ChessBase"]
[SourceQuality "1"]
[TimeControl "40/5400+30:1800+30"]

1. e4 {[%emt 0:00:00]} c5 {[%emt 0:00:00]} 2. Nf3 {[%emt 0:00:00]} d6 {[%emt 0:00:00]} 3. d4 {[%emt 0:00:00]} cxd4 {[%emt 0:00:00]} 4. Nxd4 {[%emt 0:00:00]} Nf6 {[%emt 0:00:00]} 5. f3 {[%emt 0:00:00]} a6 {[%emt 0:00:34]} 6. c4 {[%emt 0:00:06]} e6 {[%emt 0:01:42]} 7. Nc3 {[%emt 0:02:13]} Nbd7 {[%emt 0:00:46]} 8. Be3 {[%emt 0:00:11]} Qc7 {[%emt 0:01:07]} 9. Be2 {[%emt 0:00:36]} Be7 {[%emt 0:03:41]} 10. O-O {[%emt 0:00:09]} b6 {[%emt 0:00:49]} 11. Qd2 {[%emt 0:00:14]} Bb7 {[%emt 0:00:08]} 12. Rfc1 {[%emt 0:00:51]} O-O {[%emt 0:02:14]} 13. Rab1 {[%emt 0:01:57]} Rac8 {[%emt 0:03:23]} 14. b4 {[%emt 0:01:32]} Rfd8 {[%emt 0:03:25]} 15. Qe1 {[%emt 0:08:18]} Bf8 {[%emt 0:25:44]} 16. Qf2 {[%emt 0:02:22]} Rb8 {[%emt 0:05:05]} 17. a4 {[%emt 0:08:16]} Ba8 {[%emt 0:01:33]} 18. Nb3 {[%emt 0:06:53]} Ne5 {[%emt 0:08:22]} 19. Bd4 {[%emt 0:14:07]} Nc6 {[%emt 0:07:42]} 20. Nd5 {[%emt 0:01:00]} exd5 {[%emt 0:21:24]} 21. cxd5 {[%emt 0:00:09]} Qd7 {[%emt 0:00:40]} 22. dxc6 {[%emt 0:02:17]} Bxc6 {[%emt 0:00:07]} 23. Bxb6 {[%emt 0:03:31]} Re8 {[%emt 0:00:05]} 24. a5 {[%emt 0:01:38]} d5 {[%emt 0:03:40]} 25. Nd4 {[%emt 0:00:21]} Bb7 {[%emt 0:00:57]} 26. e5 {[%emt 0:00:25]} Rxe5 {[%emt 0:02:20]} 27. Bc7 {[%emt 0:00:01]} Rxe2 {[%emt 0:00:49]} 28. Nxe2 {[%emt 0:03:21]} Re8 {[%emt 0:01:18]} 29. Bg3 {[%emt 0:02:07]} Bc8 {[%emt 0:01:55]} 30. Nd4 {[%emt 0:03:11]} Nh5 {[%emt 0:00:45]} 31. Re1 {[%emt 0:01:34]} Nxg3 {[%emt 0:02:05]} 32. Rxe8 {[%emt 0:00:33]} Qxe8 {[%emt 0:00:06]} 33. hxg3 {[%emt 0:01:02]} Bd6 {[%emt 0:00:21]} 34. Re1 {[%emt 0:01:26]} Be6 {[%emt 0:02:12]} 35. Nxe6 {[%emt 0:00:35]} fxe6 {[%emt 0:00:06]} 36. Qb6 {[%emt 0:01:13]} Qd7 {[%emt 0:00:30]} 37. Qxa6 {[%emt 0:02:34]} Bxb4 {[%emt 0:00:19]} 38. Qxe6+ {[%emt 0:01:31]} Qxe6 {[%emt 0:00:02]} 39. Rxe6 {[%emt 0:00:08]} Bxa5 {[%emt 0:00:02]} 40. Kf1 {[%emt 0:00:00]} d4 {[%emt 0:00:00]} 41. Ke2 {[%emt 0:00:18]} Bc7 {[%emt 0:01:12]} 42. g4 {[%emt 0:03:18]} Kf7 {[%emt 0:01:14]} 43. Rc6 {[%emt 0:01:29]} Be5 {[%emt 0:00:10]} 44. Kd3 {[%emt 0:00:05]} h6 {[%emt 0:00:09]} 45. Ke4 {[%emt 0:00:10]} Bf6 {[%emt 0:00:24]} 46. f4 {[%emt 0:00:14]} Ke7 {[%emt 0:00:32]} 47. Ra6 {[%emt 0:00:45]} Kf7 {[%emt 0:00:33]} 48. Kf5 {[%emt 0:04:41]} g6+ {[%emt 0:04:19]} 49. Ke4 {[%emt 0:01:01]} Ke7 {[%emt 0:00:02]} 50. Ra7+ {[%emt 0:00:32]} Kf8 {[%emt 0:00:35]} 51. Ra6 {[%emt 0:02:30]} Ke7 {[%emt 0:00:11]} 52. f5 {[%emt 0:04:45]} gxf5+ {[%emt 0:00:11]} 53. gxf5 {[%emt 0:00:25]} Kf7 {[%emt 0:00:51]} 54. Ra7+ {[%emt 0:00:29]} Kg8 {[%emt 0:00:19]} 55. g4 {[%emt 0:00:08]} Kf8 {[%emt 0:02:42]} 56. Kd5 {[%emt 0:01:06]} d3 {[%emt 0:00:06]} 57. Ke6 {[%emt 0:00:35]} Bc3 {[%emt 0:00:02]} 58. f6 {[%emt 0:00:40]} Kg8 {[%emt 0:00:05]} 59. Rd7 {[%emt 0:02:37]} d2 {[%emt 0:00:19]} 60. f7+ {[%emt 0:01:00]} Kg7 {[%emt 0:00:11]} 61. Ke7 {[%emt 0:00:44]} Bb4+ {[%emt 0:00:03]} 62. Ke8 {[%emt 0:00:06]} Kg6 {[%emt 0:00:16]} 63. Rxd2 {[%emt 0:00:21]} Bxd2 {[%emt 0:00:07]} 64. f8=Q {[%emt 0:00:02]} Kg5 {[%emt 0:00:16]} 65. Qf5+ {[%emt 0:00:08]} Kh4 {[%emt 0:00:05]} 66. Qf2+ 1-0